• 首页
  • 本馆介绍
  • 公告通知
  • 最新文献
  • 馆藏检索
  • 电子资源
  • 读者导购
  • 参考咨询
  • 我的图书馆
  • 登录
  • 详细信息显示
  • 放入我的书架
  • 预约/预借图书
  • 作者相关作品
  • 分类相关作品
  • 丛书相关作品
  • 出版社相关作品

书目信息

  • 表格格式
  • 工作单格式
  • 卡片格式
题名:
Regulation of gene expression by small RNAs
    
 
作者: 罗西 , 高尔 编著 ;段成国 , 郭惠珊 译
分册:  
出版信息: 北京   科学出版社  2012.1
页数: xvii, 431页
开本: 25cm
丛书名: 科爱传播
单 册:
中图分类: Q786
科图分类:
主题词: 基因表达调控--研究
电子资源:
ISBN: 978-7-03-032909-7
000 01321oam2 2200325 45
001 1355401577
005 20130513144746.07
010    @a978-7-03-032909-7@b精装@dCNY148.00
100    @a20130108d2012 em y0chiy0121 ba
101 0  @aeng
102    @aCN@b110000
105    @aak z 000yy
106    @ar
200 1  @aRegulation of gene expression by small RNAs@d小分子RNA介导的基因表达调控@fEdited by Rajesh K. Gaur and John J. Rossi@zchi
210    @a北京@c科学出版社@d2012.1
215    @axvii, 431页@c图@d25cm
225 2  @a科爱传播@e导读版
314    @a责任者Gaur规范汉译姓: 高尔; 责任者Rossi规范汉译姓: 罗西
314    @a本书译者: 郭惠珊, 段成国
330    @a本书汇集了众多科技工作者的前沿性工作, 内容包括从细菌到人类等生物组织中microRNA调控途径的多样性。除了阐述调控小分子RNA的生物合成机制及其加工过程, 作者还探讨了这些途径的功能在寄主体内的重要性。
461  0 @12001 @a科爱传播 (导读版)
510 1  @a小分子RNA介导的基因表达调控@AXiao Fen Zi RNA Jie Dao De Ji Yin Biao Da Diao Kong@zchi
606 0  @a基因表达调控@x研究
690    @aQ786@v5
701  1 @a罗西@ALuo Xi@g(Rossi, John J.)@4编著
701  1 @a高尔@AGao Er@g(Gaur, Rajesh K.)@4编著
702  0 @a段成国@ADuan Cheng Guo@4译
702  0 @a郭惠珊@AGuo Hui Shan@4译
801    @aCN@bTANGWEI@c20130111
905    @b0831013-15@dQ786@e161@f3
    
    Regulation of gene expression by small RNAs=小分子RNA介导的基因表达调控/Edited by Rajesh K. Gaur and John J. Rossi.-北京:科学出版社,2012.1
    xvii, 431页:图;25cm.-(科爱传播:导读版)
    
    
    ISBN 978-7-03-032909-7(精装):CNY148.00
    本书汇集了众多科技工作者的前沿性工作, 内容包括从细菌到人类等生物组织中microRNA调控途径的多样性。除了阐述调控小分子RNA的生物合成机制及其加工过程, 作者还探讨了这些途径的功能在寄主体内的重要性。
●
相关链接 在E读中查询图书 在五车中查询图书 在当当中查询图书 在豆瓣中查询图书


正题名:Regulation of gene expression by small RNAs     索取号:Q786/161         预约/预借

序号 登录号 条形码 馆藏地/架位号 状态 备注
1 0831013   208310139   第二样本阅览室/ [索取号:Q786/161] 在馆    
2 0831014   208310148   第三借阅区/ [索取号:Q786/161] 在馆    
3 0831015   208310157   第三借阅区/ [索取号:Q786/161] 在馆    
唐山师范学院图书馆 欢迎您!
大连网信软件有限公司© 版权所有